Tilastot visalle Suomen kaupunkien lempinimet

Klikkaa tästä pelataksesi tätä visaa!

Yleistilastot

  • Tätä visaa on pelattu 206 kertaa
  • Keskiarvotulos 6 / 53

Vastaustilastot

KaupunkiLempinimet% Oikein
HelsinkiStadi/Hesa/Iso kirkko
85%
TampereManse/Tampesteri/Mansesteri/Nääsville/Tamperse
48%
RovaniemiRollo/Roi
32%
LahtiSuomen Chicago
32%
KouvolaKouvostoliitto/Betonihelvetti/Suomen suurin ratapiha/Suomen Tsernobyl
27%
JyväskyläJyskälä/Ryyniby/Suomen Ateena/Jyvääskylä/Jypinkylä/Jykylä/Jyskälä/Nykäskylä/Jiikylä
26%
RiihimäkiRiksu
22%
TurkuTurkku/Tuba/Suomen persereikä
20%
KauniainenGrani
17%
HämeenlinnaHämpton/Hämppy
15%
UusikaupunkiUki
15%
JärvenpääJäke
14%
LappeenrantaLepra
11%
OuluPaska kaupunni
11%
SavitaipaleSavis/Savicity
11%
NurmijärviNurtsi
8%
SodankyläPyssykylä/Sodis/Pysis
8%
SeinäjokiSjoki/Ääsjoki/Seinämäki/Nottajoki
8%
HyrynsalmiHyry
7%
JoensuuJenssi/Jönssi
7%
PoriKarhukaupunki
7%
KlaukkalaKlake
7%
NokiaNoksu
7%
TuupovaaraTupis
7%
YlivieskaYkä
7%
EspooBönde/Esbobo/Espöö/Lespoo/Länsi-Provinssi/Mordor/Poo/Poop/Savoilaisten Amerikka/ Ääs-Poo
6%
EnontekiöEnis
6%
HaapajärviHapis
6%
ImatraImis/Ibiza
6%
KemiSuomen Monaco/Perämeren persereikä/Anus Botnica
6%
PietarsaariJeppis
5%
KempeleKempton/Kerpele
5%
AlavieskaAlaska
4%
ForssaFoge/Forston
4%
HyvinkääHyge
4%
IisalmiIideni
4%
InkeroinenInksa
4%
OrimattilaOrlando/Ola
4%
JoroinenSavon Pariisi/Pikku Pariisi
4%
KärsämäkiTurpakukkula
4%
KalajokiKalafornia/Kjoki
3%
SavonlinnaNyyslotti/Severi
3%
PihtipudasPittsburgh
3%
SuomussalmiSumi
3%
NivalaInvala
2%
KannusKansas City
2%
KemijärviKempaperse
2%
KokkolaKokkelpyy
2%
KontiolahtiKonala
2%
KotkaKotham City
2%
SipooSippuri
2%
SotkamoSotshi
2%
TornioTorkku
2%

Tulosjakauma

Persentiili vastausten määrän mukaan

Jokaisen tuloksen saaneiden osuus

Tuloshistoriasi

Et ole pelannut tätä visaa